Gaming Quiz

Random Gaming or Minefield Quiz

First Pokémon per letter Minefield (Gen VI) Quiz Stats

 Plays Quiz not verified by Sporcle

Score 0/22 Timer 08:00
0 Plays Today
Letter Pokémon % Correct
C???
84.8%
F???
83.3%
D???
69.7%
G???
68.2%
B???
66.7%
Q???
59.1%
X???
59.1%
Y???
54.5%
Z???
54.5%
I???
50%
T???
48.5%
Letter Pokémon % Correct
S???
47%
V???
45.5%
A???
42.4%
E???
40.9%
L???
40.9%
H???
39.4%
K???
37.9%
P???
37.9%
M???
33.3%
Mines???
31.8%
N???
31.8%

You're not logged in!

Compare scores with friends on all Sporcle quizzes.
Join for Free
OR
Log In

You Might Also Like...

Show Comments

Extras

Top Quizzes Today


Score Distribution

Your Account Isn't Verified!

In order to create a playlist on Sporcle, you need to verify the email address you used during registration. Go to your Sporcle Settings to finish the process.

Report this User

Report this user for behavior that violates our Community Guidelines.

Details: